Estatísticas para Artilheiros do Botafogo no século XXI

Clique aqui para jogar o quiz

Estatísticas Gerais

  • Esse quiz foi jogado 34 vezes
  • A pontuação média é 5 de 10

Estatísticas das Respostas

GolsJogador% Correto
63Loco Abreu
96%
90Dodô
79%
51Herrera
64%
64Lúcio Flávio
54%
24Seedorf
54%
28Rodrigo Pimpão
46%
34Sassá
32%
34André Lima
29%
26Maicosuel
14%
34Alex Alves
7%

Distribuição das Pontuações

Percentil de Números Respondidos

Porcentagem de Pessoas com Cada Pontuação

Sua Pontuação Histórica

Você não jogou esse quiz